| 000 | 00554nam a22001937a 4500 | ||
|---|---|---|---|
| 005 | 20251108173512.0 | ||
| 008 | 250721s2001 xx 000 0 ara d | ||
| 020 | _a9960687570 | ||
| 082 | 1 | 4 | _a218.52/نحو |
| 100 | 1 | _aالنحوي، عدنان علي رضا | |
| 245 | 1 | 0 | _aالإنحراف / |
| 264 | 1 |
_aعمان : _bدار النحوي للنشرو التوزيع، _c2001. |
|
| 300 | _a298 ص. | ||
| 650 | 1 | 7 | _aالعقيدة الدينية |
| 650 | 1 | 7 | _aالإيمان |
| 650 | 1 | 7 | _aالإنحراف |
| 942 |
_2ddc _cBK |
||
| 999 |
_c105435 _d105435 |
||